000 00794nam a22002657a 4500
003 0
005 20180808155005.0
008 0
010 _aB-019347
020 _c00.00
_a8173913331
035 _aB-019347, B-019349, B-019352
037 _bCen Lib/Ret
040 _aDPL
_bEN
_c0
082 _a302.23091724
_bMED
245 _aMedia and communication in the third world /
_cedited by Zahid Hussain [and] Vanita Ray
260 _aNew Delhi
_bKanika publishers
_c2000
270 _bNew Delhi
_a4697/5-21A, Ansari road, daryaganj
_e110002
300 _a249p.
_c21cm(Hb)
500 _aIncludes index
650 _aJournalism
_98911
650 _aCommunication technology
_98912
700 _aHussain, Zahid
_98889
700 _aRay, Vanita
_98890
942 _2ddc
_cEN
_hB-019347
_mMED
999 _c124015
_d124015